Direito financeiro e controle externo : (Record no. 481)
[ view plain ]
| 000 -LÍDER | |
|---|---|
| Campo Fixo de Controle | 00994nam a2200277 a 4500 |
| 001 - NÚMERO DE CONTROLE | |
| Campo de Controle | 481 |
| 003 - IDENTIFICAÇÃO DO NÚMERO DE CONTROLE | |
| Campo de Controle | BR-CuiBMT |
| 005 - DATA E HORA DA ÚLTIMA ATUALIZAÇÃO | |
| Campo de Controle | 20231114194407.0 |
| 008 - DADOS FIXOS | |
| Dados Fixos | 231107s2009 rjba 000 0 por d |
| 020 ## - INTERNATIONAL STANDARD BOOK NUMBER | |
| Nº do ISBN | 9788535236873 |
| 040 ## - AGÊNCIA CATALOGADORA | |
| Código da Agência Catalogadora | BR-CuiBMT |
| Agência que transcreveu o registro | BR-CuiBMT |
| 080 ## - Nº DA CLASSIFICAÇÃO DECIMAL UNIVERSAL | |
| Nº edição CDU | 2007 |
| Nº Class. CDU | 336.2:35.078.3 |
| Subd. Auxiliar Comum | (079.1) |
| 090 ## - NÚMERO DE CHAMADA | |
| Nº classificação | 336.2:35.078.3(079.1) |
| Cutter | P281d |
| Ano/Edição | 7. ed. |
| 100 1# - ENTRADA PRINCIPAL -- AUTOR PESSOAL | |
| Nome pessoal | Pascoal, Valdecir, |
| Datas associadas ao nome | 1969- |
| Forma completa do nome | Pascoal, Valdecir Fernandes |
| 245 0# - TÍTULO PRINCIPAL | |
| Título principal | Direito financeiro e controle externo : |
| Subtítulo | teoria, jurisprudência e 400 questões / |
| Indicação de responsabilidade | Valdecir Pascoal. |
| 250 ## - EDIÇÃO | |
| Edição | 7. ed. |
| 260 ## - PUBLICAÇÃO, DISTRIBUIÇÃO, ETC. | |
| Local de publicação | Rio de Janeiro : |
| Editora | Elsevier, |
| Data | 2009. |
| 300 ## - DESCRIÇÃO FÍSICA | |
| N. páginas ou volumes | 306 p.: |
| Ilustrações | il. |
| Dimensões | 24 cm |
| 490 0# - INDICAÇÃO DE SÉRIE | |
| Título da série | Provas e concursos |
| 500 ## - NOTAS GERAIS | |
| Notas gerais | Atualizado de acordo com a lei de responsabilidade fiscal - LRF; atualizada até a E.C n° 56/2007 e com a nova lei complementar nº 131/2009. |
| 504 ## - NOTA DE BIBLIOGRAFIA, ETC. | |
| Nota de bibliografia | Inclui bibliografia |
| 650 ## - ASSUNTO TÓPICO | |
| Cabeçalho tópico ou nome geográfico | Direito financeiro |
| 650 ## - ASSUNTO TÓPICO | |
| Cabeçalho tópico ou nome geográfico | Controle externo |
| 650 ## - ASSUNTO TÓPICO | |
| Cabeçalho tópico ou nome geográfico | Despesa pública |
| 942 ## - ELEMENTOS DE ENTRADA ADICIONAIS (KOHA) | |
| Fonte de classificação ou esquema de arquivamento | Classificação Decimal Universal |
| Tipo de item do Koha | Livros |
| Estado: removido | Estado: perdido | Fonte de classificação ou esquema de arquivamento | Estado: danificado | Indisponível para empréstimo | Localização permanente | Localização atual | Data de aquisição | Total Checkouts | Número de Chamada completo | Código de barras | Date last seen | Número do exemplar | Preço efetivo a partir de | Tipo de item (Koha) |
|---|---|---|---|---|---|---|---|---|---|---|---|---|---|---|
| Classificação Decimal Universal | Biblioteca da Escola Superior de Contas do TCE/MT | Biblioteca da Escola Superior de Contas do TCE/MT | 07/11/2023 | 336.2:35.078.3(079.1) P281d | BIBTCEMT23110240 | 07/11/2023 | Ex. 1 | 07/11/2023 | Livros | |||||
| Classificação Decimal Universal | Biblioteca da Escola Superior de Contas do TCE/MT | Biblioteca da Escola Superior de Contas do TCE/MT | 02/04/2013 | 336.2:35.078.3(079.1) P281d | BIBTCEMT23110572 | 14/11/2023 | Ex. 2 | 14/11/2023 | Livros | |||||
| Classificação Decimal Universal | Biblioteca da Escola Superior de Contas do TCE/MT | Biblioteca da Escola Superior de Contas do TCE/MT | 15/12/2023 | 336.2:35.078.3(079.1) | BIBTCEMT23120562 | 15/12/2023 | Ex. 3 | 15/12/2023 | Livros |